000 00634nam a2200217 i 4500
001 C2-0113624
003 PPAK
005 20180727104313.0
008 970703s1980 xx |||| ||||| | may d
040 _aPPAK
_beng
_cPPAK
_erda
082 0 4 _a899.231
_223
090 0 0 _a899.231
_bSEL
_dKIH
245 0 0 _aSelagi ombak mengejar pantai 3 :
_bantologi puisi
264 1 _a[place of publication not identified] :
_bPeserta Kursus Kreatif Kemudi ,
_c1980
300 _av, 88 pages ;
_c20 cm
336 _2rdacontent
_atext
337 _2rdamedia
_aunmediated
338 _2rdacarrier
_avolume
650 1 0 _aMalay poetry.
942 _ddc
_cB
999 _c28786
_d28786